Trasa Autobusu 169 Warszawa - Statystyki

Ogólne statystyki
  • Ten quiz został rozwiązany 4 razy
  • Średni wynik to 20 z 25
Statystyki odpowiedzi
Ulice Przystanek % Poprawnych
11 Listopada 11 Listopada
100%
Targowa Dw. Wileński
100%
Kijowska Dw. Wschodni (Kijowska)
100%
Kijowska Dw. Wschodni (Kijowska)
100%
Ratuszowa Harnasie
100%
11 Listopada / Inżynierska Inżynierska
100%
Kijowska Kijowska
100%
Św. Wincentego Kołowa
100%
Św. Wincentego Metro Kondratowicza
100%
Kondratowicza Metro Kondratowicza
100%
Św. Wincentego Niwa
100%
Św. Wincentego Rogowska
100%
Św. Wincentego Rondo Żaba
100%
11 Listopada Strzelecka
100%
Targowa Ząbkowska
100%
Św. Wincentego Żuromińska
100%
Krasnobrodzka Bródno-Podgrodzie
50%
11 Listopada Bródnowska
50%
Św. Wincentego Cm. Bródnowski
50%
Chodecka Klub Lira
50%
Łojewska / Chodecka Łojewska
50%
Kondratowicza Park Bródnowski
50%
Kondratowicza Szpital Bródnowski
50%
Kondratowicza / Łabiszyńska Metro Bródno
0%
Łabiszyńska Suwalska
0%
Nie znaleziono quizów pasujących do podanych kryteriów
Rozkład punktacji
Procent ludzi z każdym wynikiem
Percentyl według liczby udzielonych odpowiedzi
Twoja historia wyników
Nie rozwiązałeś tego quizu